[Event "112th YMCA Autumn B"]
[Site "Warszawa"]
[Date "2012.12.06"]
[Round "12"]
[White "Maciejewski, Andrzej"]
[Black "Sawicki, Wojciech"]
[Result "1/2-1/2"]
[WhiteElo "1780"]
[BlackElo "1745"]
[Annotator "Admin"]
[PlyCount "161"]
[EventDate "2012.09.18"]
[EventType "tourn"]
[EventRounds "1"]
[EventCountry "POL"]
[SourceDate "2012.09.18"]

1. e4 e5 2. Nf3 Nc6 3. Bb5 a6 4. Ba4 Nf6 5. O-O Be7 6. Re1 b5 7. Bb3 d6 8. h3
Na5 9. c3 Nxb3 10. Qxb3 c5 11. d4 c4 12. Qc2 Qc7 13. Nbd2 O-O 14. Nf1 Bb7 15.
Ng3 Nd7 16. Be3 g6 17. Rad1 Bf6 18. Qc1 Rfe8 19. Bg5 Bg7 20. Nh2 d5 21. exd5
exd4 22. Rxe8+ Rxe8 23. Bf4 Be5 24. Bxe5 Nxe5 25. cxd4 Nd7 26. Qg5 f6 27. Qh4
Bxd5 28. Ng4 Qc6 29. Ne3 Nb6 30. Qg4 Qe6 31. Nh5 Kh8 32. Qxe6 Rxe6 33. Nf4 Rd6
34. Re1 Bf7 35. Nc2 Nc8 36. g4 Kg7 37. f3 Kf8 38. Kf2 Nb6 39. Ke3 Nd5+ 40. Nxd5
Bxd5 41. Rd1 Kf7 42. Nb4 Bb7 43. Kf4 a5 44. Nc2 g5+ 45. Kg3 Re6 46. Kf2 Rd6 47.
Ne3 Bc8 48. a4 bxa4 49. Nxc4 Rc6 50. Ne3 Rb6 51. Rd2 Bd7 52. Nc4 Ra6 53. d5 Bb5
54. d6 Bd7 55. Ke3 Ke6 56. Kd4 Bb5 57. Re2+ Kd7 58. Re7+ Kd8 59. Re6 Bxc4 60.
Kxc4 Rb6 61. Kc3 Rb3+ 62. Kc2 Rxf3 63. Re4 Rf4 64. Re3 Rd4 65. Re6 Rf4 66. Re7
$11 Rd4 67. Re6 Rf4 68. Re7 $11 Rf2+ 69. Kc1 Rf1+ 70. Kc2 Rf2+ 71. Kc1 f5 72.
gxf5 Rxf5 73. Rxh7 Rf6 74. Rg7 Rxd6 75. Rxg5 Rh6 $11 76. Rxa5 Rxh3 77. Rxa4 Kc7
78. Rb4 Kc6 79. Kb1 Rg3 $11 80. b3 Rg2 81. Rc4+ $11 1/2-1/2

[Event "112th YMCA Autumn B"]
[Site "Warszawa"]
[Date "2012.11.28"]
[Round "12"]
[White "Debowska, Teresa"]
[Black "Lasota, Adam"]
[Result "1/2-1/2"]
[WhiteElo "1837"]
[BlackElo "1873"]
[PlyCount "206"]
[EventDate "2012.09.18"]
[EventType "tourn"]
[EventRounds "1"]
[EventCountry "POL"]
[SourceDate "2012.09.18"]

1. g3 Nf6 2. Bg2 d5 3. d3 g6 4. Nd2 Bg7 5. c3 O-O 6. Ngf3 c5 7. e4 dxe4 8. dxe4
Nc6 9. O-O Qc7 10. Qc2 b6 11. Rd1 Bb7 12. Nf1 Ne5 13. Nxe5 Qxe5 14. f4 Qc7 15.
e5 Nd7 16. Bxb7 Qxb7 17. Qg2 Qxg2+ 18. Kxg2 Rfd8 19. Be3 f6 20. exf6 Nxf6 21.
Bg1 Ne4 22. Kf3 Nd6 23. Ne3 e5 24. fxe5 Bxe5 25. Rd5 Bg7 26. Rad1 Rf8+ 27. Kg2
Ne4 28. Rd7 Nf6 29. Re7 Rfd8 30. Rxd8+ Rxd8 31. Nf1 Nd7 32. Be3 Bf8 33. Re4 Nf6
34. Bg5 Rd6 35. Re2 c4 36. Bf4 Rd7 37. Nd2 b5 38. Nf3 Nd5 39. Bd2 Re7 40. Rxe7
Bxe7 41. Nd4 a6 42. Kf3 Bd6 43. Ke4 Nf6+ 44. Kf3 Kf7 45. h4 h5 46. b3 cxb3 47.
Nxb3 Bxg3 48. Kxg3 a5 49. Kf3 Ke6 50. Nd4+ Kd5 51. Nxb5 a4 52. Na3 Ne4 53. Be1
g5 54. hxg5 Nxg5+ 55. Ke3 Ne6 56. Bh4 Ke5 57. Nc2 Ng7 58. Nd4 Kd5 59. Kd3 Ne8
60. c4+ Ke5 61. Ke3 Kd6 62. Nf5+ Ke5 63. Ng3 Nd6 64. c5 Nc4+ 65. Kd3 Kd5 66.
Ne4 Ne5+ 67. Ke3 Nc4+ 68. Kf4 Ne5 69. Nc3+ Ke6 70. Nxa4 Ng6+ 71. Kg5 Ne5 72.
Bf2 Nd3 73. Bg1 Kd5 74. Kxh5 Kc6 75. Nc3 Nb4 76. a4 Nd3 77. Kg5 Ne5 78. Kf5 Nc4
79. Ke4 Na5 80. Kd4 Nb3+ 81. Kc4 Nd2+ 82. Kb4 Nf3 83. Ne2 Ne5 84. Kc3 Kd5 85.
Nf4+ Kc6 86. Ne6 Nf3 87. Bd4 Kd5 88. Nc7+ Kc6 89. Nb5 Ng5 90. Kc4 Nf7 91. Bf6
Nh6 92. Nd4+ Kb7 93. Kb5 Nf7 94. a5 Nh6 95. a6+ Kb8 96. Be5+ Ka8 97. c6 Nf7 98.
c7 Ka7 99. c8=Q Nd6+ 100. Ka5 Nxc8 101. Nc6+ Ka8 102. Bc7 Na7 103. Ne7 Nc6+
1/2-1/2

[Event "112th YMCA Autumn B"]
[Site "Warszawa"]
[Date "2012.12.07"]
[Round "12"]
[White "Pajak, Jakub"]
[Black "Kurowski, Andrzej"]
[Result "1/2-1/2"]
[WhiteElo "1762"]
[BlackElo "1782"]
[PlyCount "68"]
[EventDate "2012.09.18"]
[EventType "tourn"]
[EventRounds "1"]
[EventCountry "POL"]
[SourceDate "2012.09.18"]

1. Nf3 f5 2. Nc3 Nf6 3. d3 d6 4. e4 e5 5. h3 Nc6 6. Be2 Be7 7. g3 O-O 8. Be3
Be6 9. exf5 Bxf5 10. Qd2 Qd7 11. g4 Bg6 12. O-O-O d5 13. d4 exd4 14. Nxd4 Nxd4
15. Bxd4 c5 16. Bxf6 Bxf6 17. Qxd5+ Qxd5 18. Nxd5 Bd4 19. f4 Be4 20. Ne7+ Kf7
21. Bc4+ Kxe7 22. Rhe1 Rxf4 23. Bd3 Kf6 24. Bxe4 Re8 25. Bxb7 Rb8 26. c3 Bxc3
27. Rd6+ Kg5 28. bxc3 Rxb7 29. Re5+ Kh4 30. Rh5+ Kg3 31. Rd3+ Kg2 32. Rd2+ Kg3
33. Rd3+ Kg2 34. Rd2+ Kg3 1/2-1/2

[Event "112th YMCA Autumn B"]
[Site "Warszawa"]
[Date "2012.12.12"]
[Round "13"]
[White "Lasota, Adam"]
[Black "Pajak, Jakub"]
[Result "1-0"]
[WhiteElo "1873"]
[BlackElo "1762"]
[PlyCount "51"]
[EventDate "2012.09.18"]
[EventType "tourn"]
[EventRounds "1"]
[EventCountry "POL"]
[SourceDate "2012.09.18"]

1. d4 c5 2. c3 Nf6 3. Bf4 e6 4. e3 Nc6 5. Nd2 d5 6. Bd3 c4 7. Bc2 Bd6 8. Bxd6
Qxd6 9. f4 Bd7 10. Ngf3 O-O 11. Ne5 b5 12. O-O a5 13. Qf3 b4 14. e4 Rfb8 15.
Nxf7 Kxf7 16. e5 Qe7 17. exf6 Qxf6 18. Qh5+ Ke7 19. f5 exf5 20. Bxf5 Bxf5 21.
Rxf5 Qe6 22. Nf3 bxc3 23. Re1 Qxe1+ 24. Nxe1 cxb2 25. Qf7+ Kd6 26. Rxd5# 1-0

[Event "112th YMCA Autumn B"]
[Site "Warszawa"]
[Date "2012.12.12"]
[Round "13"]
[White "Sawicki, Wojciech"]
[Black "Debowska, Teresa"]
[Result "1-0"]
[WhiteElo "1745"]
[BlackElo "1837"]
[PlyCount "123"]
[EventDate "2012.09.18"]
[EventType "tourn"]
[EventRounds "1"]
[EventCountry "POL"]
[SourceDate "2012.09.18"]

1. e4 d5 2. exd5 Qxd5 3. Nc3 Qd6 4. d4 Nf6 5. Nf3 c6 6. g3 Bg4 7. Bg2 h5 8. Qd3
Qe6+ 9. Be3 Bf5 10. Qe2 Na6 11. Ng5 Qd7 12. O-O-O Nd5 13. Qc4 Nab4 14. Nxd5
Nxd5 15. Bd2 e6 16. Be4 b5 17. Qe2 Bxe4 18. Qxe4 Nf6 19. Qf3 Qd5 20. Qxd5 cxd5
21. Rhe1 h4 22. Bf4 hxg3 23. hxg3 Nd7 24. Rh1 Rxh1 25. Rxh1 Ke7 26. Rh8 f6 27.
Nh7 Re8 28. Bd2 Kf7 29. Nxf8 Rxf8 30. Rxf8+ Kxf8 31. Bb4+ Kf7 32. Kd2 e5 33.
Kd3 Ke6 34. b3 Nb8 35. Bf8 e4+ 36. Kc3 Nc6 37. Bxg7 b4+ 38. Kb2 Nxd4 39. Bf8 a5
40. Bc5 Nc6 41. c3 Ke5 42. a3 bxc3+ 43. Kxc3 d4+ 44. Kc4 d3 45. Be3 Ne7 46. b4
axb4 47. axb4 Nd5 48. Bd2 Kd6 49. Kd4 f5 50. g4 e3 51. Bxe3 Nxe3 52. Kxe3 fxg4
53. Kxd3 Kd5 54. Ke3 Kc4 55. Kf4 Kxb4 56. Kxg4 Kc5 57. Kf5 Kd6 58. Kf6 Kd7 59.
Kf7 Kd6 60. f4 Kd5 61. f5 Ke5 62. f6 1-0

[Event "112th YMCA Autumn B"]
[Site "Warszawa"]
[Date "2012.12.12"]
[Round "13"]
[White "Herman, Monika"]
[Black "Maciejewski, Andrzej"]
[Result "1-0"]
[WhiteElo "1712"]
[BlackElo "1780"]
[Annotator "Admin"]
[PlyCount "141"]
[EventDate "2012.09.18"]
[EventType "tourn"]
[EventRounds "1"]
[EventCountry "POL"]
[SourceDate "2012.09.18"]

1. e4 c5 2. Nf3 d6 3. d4 cxd4 4. Nxd4 Nf6 5. Nc3 g6 6. Be2 Bg7 7. O-O O-O 8.
Be3 Nc6 9. f4 Qb6 10. Na4 Qa5 11. Nxc6 bxc6 12. Nc3 Qb4 13. e5 dxe5 14. fxe5
Ng4 15. Bxg4 Bxg4 16. Qd4 Qxd4 17. Bxd4 Rfd8 18. Bc5 Bxe5 19. Bxe7 Bxc3 20.
bxc3 Rd2 21. Rf2 Rxf2 22. Kxf2 Re8 23. Re1 Bf5 24. Bc5 Rxe1 25. Kxe1 a6 26. Kd2
Be4 27. g3 f5 28. c4 Kf7 29. Kc3 Ke6 30. Kb4 Bxc2 31. Ka5 Bd3 32. Kxa6 Bxc4+
33. Kb6 Bb5 34. Ka5 Kd5 35. Be3 Bc4 36. a4 Bb3 37. Kb4 Bd1 38. a5 Be2 39. h4
Bd3 40. Kc3 $11 Bf1 41. Kb4 Ke4 42. Bf4 Kd4 43. Bd6 h6 44. Bf4 c5+ 45. Ka3 h5
46. Bg5 Ba6 47. Bf4 Kc3 48. Ka2 Kd4 49. Kb2 Kd3 50. Kc1 Ke4 51. Kd2 Kd4 52.
Be3+ Kc4 53. Kc2 Bb5 54. Bf4 Kd4 55. Bg5 Ke4 56. Kc3 Kf3 57. Bf4 Kg4 58. Kc2 g5
59. hxg5 h4 60. gxh4 Kxf4 61. g6 Ke3 62. g7 Bc4 63. a6 f4 64. a7 Bd5 65. a8=Q
Bxa8 66. g8=Q Be4+ 67. Kd1 f3 68. Qg5+ Kf2 69. Qxc5+ Kg2 70. Qg5+ Kh1 71. Ke1
1-0

[Event "112th YMCA Autumn B"]
[Site "Warszawa"]
[Date "2012.12.12"]
[Round "13"]
[White "Szukalski, Antoni"]
[Black "Moskwinski, Marek"]
[Result "1/2-1/2"]
[WhiteElo "1836"]
[BlackElo "1809"]
[PlyCount "57"]
[EventDate "2012.09.18"]
[EventType "tourn"]
[EventRounds "1"]
[EventCountry "POL"]
[SourceDate "2012.09.18"]

1. e4 e5 2. Nf3 Nc6 3. Bb5 Nd4 4. Nxd4 exd4 5. d3 Nf6 6. Bg5 c6 7. Bc4 Be7 8.
Nd2 d5 9. Bxf6 Bxf6 10. exd5 cxd5 11. Bb5+ Bd7 12. Bxd7+ Qxd7 13. O-O O-O 14.
Nf3 Rac8 15. Re1 Rfe8 16. Qd2 Qc6 17. Rxe8+ Rxe8 18. Re1 h6 19. Rxe8+ Qxe8 20.
h3 Qa4 21. a3 Qb5 22. b3 Qc5 23. a4 Qc7 24. g4 Qc8 25. Kg2 Qc7 26. Qe2 Kf8 27.
Qd2 Kg8 28. Qe2 Kf8 29. Qd2 1/2-1/2

[Event "112th YMCA Autumn B"]
[Site "Warszawa"]
[Date "2012.12.12"]
[Round "13"]
[White "Kowalczyk, Waldemar"]
[Black "Koziol, Pawel"]
[Result "1/2-1/2"]
[WhiteElo "1702"]
[BlackElo "1829"]
[Annotator "Admin"]
[PlyCount "102"]
[EventDate "2012.09.18"]
[EventType "tourn"]
[EventRounds "1"]
[EventCountry "POL"]
[SourceDate "2012.09.18"]

1. d4 c5 2. d5 Nf6 3. c4 b5 4. Nc3 bxc4 5. e4 d6 6. Bxc4 g6 7. Nf3 Bg7 8. O-O
Bg4 9. h3 Bxf3 10. Qxf3 O-O 11. Qe2 Nfd7 12. Be3 Nb6 13. Bb3 a5 14. Na4 N8d7
15. Nxb6 Nxb6 16. Rab1 Qc7 17. Rfc1 Rfb8 18. Bd2 a4 19. Bd1 Nd7 20. Bc3 Bh6 21.
Bd2 Bxd2 22. Qxd2 Qa7 23. Rc4 Nb6 24. Rcc1 Rb7 25. Be2 Nd7 26. Bc4 Rb4 27. a3
Rb7 28. h4 Nf6 29. f3 Qb8 30. g4 h5 31. g5 Ne8 32. f4 Qc8 33. Qg2 Ng7 34. Rc2
Qc7 35. Rf1 Rf8 36. f5 Rbb8 37. Rcf2 Qd7 38. fxg6 fxg6 39. Rxf8+ Rxf8 40. Rxf8+
Kxf8 41. Kh2 Ne8 42. Qh3 Qb7 43. Qf3+ Kg8 44. Qf2 Nc7 45. Kg3 Qa7 46. e5 Qa8
47. exd6 exd6 48. Qf6 Qe8 49. Qf4 Qe1+ 50. Kg2 Qe7 51. Kg3 Qe1+ $11 1/2-1/2